Star Wars: Obi-Wan and Anakin's dialogue on Mustafar (ROTS) - Statistics

General Stats
  • This quiz has been taken 1,983 times
  • The average score is 36 of 49
Answer Stats
Character Answer % Correct
I
95%
I
95%
you
93%
Anakin: You
93%
a
84%
the
80%
my
78%
my
78%
my
78%
do
77%
to
76%
to
76%
to
76%
Obi-Wan: Your
76%
me
75%
me
75%
will
75%
will
75%
Obi-Wan: Anakin
73%
sith
73%
empire
72%
empire
72%
not
72%
try
72%
must
71%
new
71%
new
71%
republic
71%
what
71%
is
70%
democracy
69%
Obi-Wan: Only
69%
Anakin: If
68%
then
68%
with
68%
deals
67%
Anakin: Don't
67%
enemy
67%
in
67%
you're
67%
you're
67%
and
66%
kill
65%
absolutes
64%
justice
64%
make
64%
allegiance
62%
Anakin: freedom
62%
security
61%
No matching quizzes found
Score Distribution
Percent of People with Each Score
Percentile by Number Answered
Your Score History
You have not taken this quiz